• AIU
  • Tony Wilmot Memorial Library

Aethiopische Grammatik mit Paradigmen, (Record no. 37010)

MARC details
000 -LEADER
fixed length control field 00671nam a22002051a 4500
001 - CONTROL NUMBER
control field 8397624
005 - DATE AND TIME OF LATEST TRANSACTION
control field 20110718132355.0
008 - FIXED-LENGTH DATA ELEMENTS--GENERAL INFORMATION
fixed length control field 810217s1955 nyu 000 0 ger
010 ## - LIBRARY OF CONGRESS CONTROL NUMBER
LC control number 55057257
035 ## - SYSTEM CONTROL NUMBER
-- (DLC) 55057257
040 ## - CATALOGING SOURCE
Original cataloging agency DLC
Transcribing agency CarP
Modifying agency DLC
050 00 - LIBRARY OF CONGRESS CALL NUMBER
Classification number PJ9023
Item number .P68 1955
100 1# - MAIN ENTRY--PERSONAL NAME
Personal name Praetorius, Franz,
Dates associated with a name 1847-1927.
245 00 - TITLE STATEMENT
Title Aethiopische Grammatik mit Paradigmen,
Statement of responsibility, etc Franz Praetorius
Medium [Text]
260 ## - PUBLICATION, DISTRIBUTION, ETC. (IMPRINT)
Name of publisher, distributor, etc Frederick Ungar Publishing Co. New York
300 ## - PHYSICAL DESCRIPTION
Extent x, 65p.;
650 #0 - SUBJECT ADDED ENTRY--TOPICAL TERM
Topical term or geographic name as entry element Ethiopic language
General subdivision Grammar. [from old catalog]
906 ## - LOCAL DATA ELEMENT F, LDF (RLIN)
a 0
b cbc
c premunv
d u
e ncip
f 19
g y-gencatlg
991 ## -
-- c-GenColl
-- PJ9023
-- .P68 1955
-- Copy 1
-- PREM
Holdings
Withdrawn status Lost status Source of classification or shelving scheme Damaged status Not for loan Collection code Home library Current library Shelving location Date acquired Cost, normal purchase price Total Checkouts Full call number Barcode Date last seen Copy number Price effective from Koha item type
    Library of Congress Classification     General Circulation AIU/NEGST - Tony Wilmot Memorial Library AIU/NEGST - Tony Wilmot Memorial Library General Stacks 12/03/2009 13.45   PJ 9023 .P68 1955 R23216M3232 09/26/2019 1 12/03/2009 Books